Lean in : women, work and the will to lead.
| Main Author: | |
|---|---|
| Format: | Book |
| Published: |
New York:
Alfred A. Knopf,
2013.
|
| Subjects: |
| LEADER | 00454cam a2200157 7i4500 | ||
|---|---|---|---|
| 001 | 0000031417 | ||
| 005 | 20141016090000.0 | ||
| 020 | 0 | 0 | |a 9780385349949 |
| 090 | 0 | 0 | |a B 658.4092082 |b SAN |
| 100 | 1 | 0 | |a Sandberg, Sheryl |
| 245 | 1 | 0 | |a Lean in : women, work and the will to lead. |
| 260 | 0 | 0 | |a New York: |b Alfred A. Knopf, |c 2013. |
| 300 | # | # | |a 228 p. |
| 650 | 0 | 0 | |a Women executives |
| 650 | 0 | 0 | |a Leadership in women |
| 999 | |a B000034749 |b Book |c Book |e Business Information Centre | ||


